000
00348nam a2200145Ia 4500
008
100122s9999 xx 000 0 und d
082
_b
66707
_a
823
100
_a
DRURY A
245
_a
ADVISE & CONSENT
260
_b
COLLINS CLEAR TYPE PRESS
_c
1959
300
_a
638
630
_a
ADVISE & CONSENT
730
_a
ADVISE & CONSENT
942
_c
BOOK
999
_c
380584
_d
380581